| 000 -LEADER |
| fixed length control field |
02190cam a2200229 i 4500 |
| 003 - CONTROL NUMBER IDENTIFIER |
| control field |
OSt |
| 005 - DATE AND TIME OF LATEST TRANSACTION |
| control field |
20260304192410.0 |
| 008 - FIXED-LENGTH DATA ELEMENTS--GENERAL INFORMATION |
| fixed length control field |
230607s2024 nyua 001 0 eng |
| 020 ## - INTERNATIONAL STANDARD BOOK NUMBER |
| International Standard Book Number |
9781032277608 |
| Qualifying information |
(pbk.) |
| 042 ## - AUTHENTICATION CODE |
| Authentication code |
pcc |
| 082 00 - DEWEY DECIMAL CLASSIFICATION NUMBER |
| Classification number |
777 |
| Edition number |
23/eng/20230607 |
| 100 1# - MAIN ENTRY--PERSONAL NAME |
| Personal name |
McHenry, David, |
| Relator term |
author. |
| 245 10 - TITLE STATEMENT |
| Title |
Drawing the line : |
| Remainder of title |
technical hand drafting for film and television / |
| Statement of responsibility, etc |
David McHenry. |
| 250 ## - EDITION STATEMENT |
| Edition statement |
Second edition. |
| 300 ## - PHYSICAL DESCRIPTION |
| Extent |
ix, 205 pages : |
| Other physical details |
illustrations ; |
| Dimensions |
22 x28 cm |
| 500 ## - GENERAL NOTE |
| General note |
Includes index. |
| 520 ## - SUMMARY, ETC. |
| Summary, etc |
"This is the definitive guide for all aspects of scenic hand drafting for film and television, now comprehensively updated and revised for its second edition. Author, David McHenry, utilizes 40 years of experience as a Designer, Art Director, Storyboard Artist and Draftsman to provide readers with an accessible step-by-step guide of professional techniques, tools and workflows. Readers will discover how to draw the iconic scroll of a classical column or learn the difference between Flemish and English bond brickwork, as well as all four types of drafting projection in detail: isometric, oblique, orthographic, and axonometric. Also included is hard-to-find information on lens angles and their calculation for different screen aspect ratios, how to create a lens projection image of a set with a given lens, height and aspect ratio, and how to create forced perspective. Beautifully illustrated with carefully crafted hand-drawn illustrations on every page, this thoroughly revised text has been updated to include new examples and exercises and a revised glossary, making it the ideal step-by-step guide to hand drafting for film and television. This is an essential resource for students of drafting for film and television, scene design, and art direction courses. It will also hugely benefit professionals studying or working in film and television design"-- |
| 650 #0 - SUBJECT ADDED ENTRY--TOPICAL TERM |
| Topical term or geographic name as entry element |
Mechanical drawing |
| General subdivision |
Technique. |
| 650 #0 - SUBJECT ADDED ENTRY--TOPICAL TERM |
| Topical term or geographic name as entry element |
Theaters |
| General subdivision |
Stage-setting and scenery. |
| 776 08 - ADDITIONAL PHYSICAL FORM ENTRY |
| Display text |
Online version: |
| Main entry heading |
McHenry, David. |
| Title |
Drawing the line |
| Edition |
Second edition. |
| Place, publisher, and date of publication |
New York : Routledge, Taylor & Francis Group, 2024 |
| International Standard Book Number |
9781003293972 |
| Record control number |
(DLC) 2023026823 |
| 942 ## - ADDED ENTRY ELEMENTS (KOHA) |
| Source of classification or shelving scheme |
|